Rozhledny Liberecký kraj = Aussichtstürme Liberecký kraj = Wieże widokowe Liberecký kraj /
| Main Author: | Staněk, Jaroslav, 1961- |
|---|---|
| Corporate Author: | Geodézie On Line (firma) |
| Language: | German Polish Czech |
| Published: |
Liberec : Liberecký kraj, 2015 |
| Physical Description: |
1 mapa : barevná ; 28 x 42 cm, na listu 30 x 42 cm |
| Language note: |
Český, německý a polský text |
| LEADER | 01807nem a2200469 i 4500 | ||
|---|---|---|---|
| 001 | nkc20162777478 | ||
| 003 | CZ PrNK | ||
| 005 | 20211101120515.0 | ||
| 007 | aj canzn | ||
| 008 | 160224s2015 xr z a 0 cze | ||
| 015 | |a cnb002777478 | ||
| 020 | |a 978-80-7506-028-0 |q (List) | ||
| 034 | 1 | |a a |b 250000 |d E0142000 |e E0154500 |f N0510100 |g N0502500 | |
| 040 | |a ABA001 |b cze |e rda | ||
| 041 | 0 | |a cze |a ger |a pol | |
| 043 | |a e-xr--- |b e-xr-li |2 czenas | ||
| 072 | 7 | |a 913(437) |x Geografie Česka a Slovenska, reálie, cestování |2 Konspekt |9 7 | |
| 072 | 7 | |a 912 |x Mapy. Atlasy. Glóby |2 Konspekt |9 7 | |
| 080 | |a 725.012.28 |2 MRF | ||
| 080 | |a 913(437.316) |2 MRF | ||
| 080 | |a (084.3) |2 MRF | ||
| 100 | 1 | |a Staněk, Jaroslav, |d 1961- |7 jx20031130128 |4 ill | |
| 245 | 1 | 0 | |a Rozhledny Liberecký kraj = |b Aussichtstürme Liberecký kraj = Wieże widokowe Liberecký kraj / |c kresby Jaroslav Staněk |
| 246 | 3 | |a Liberecký kraj : |b rozhledny | |
| 246 | 3 | 1 | |a Aussichtstürme Liberecký kraj |
| 246 | 3 | 1 | |a Wieże widokowe Liberecký kraj |
| 255 | |a Měřítko 1:250 000 |c (E 14°20'00"--E 15°45'00"/N 51°01'00"--N 50°25'00") | ||
| 264 | 1 | |a Liberec : |b Liberecký kraj, |c 2015 | |
| 300 | |a 1 mapa : |b barevná ; |c 28 x 42 cm, na listu 30 x 42 cm | ||
| 336 | |a kartografický obraz |b cri |2 rdacontent | ||
| 337 | |a bez média |b n |2 rdamedia | ||
| 338 | |a list |b nb |2 rdacarrier | ||
| 500 | |a Na rubu přehled rozhleden se stručným vlastivědným textetm | ||
| 500 | |a Mapový podklad Geodézie On Line | ||
| 546 | |a Český, německý a polský text | ||
| 650 | 0 | 7 | |a rozhledny |7 ph125258 |z Česko |2 czenas |
| 651 | 7 | |a Liberec (Česko : oblast) |7 ge129801 |2 czenas | |
| 655 | 7 | |a mapy |7 fd132800 |2 czenas | |
| 710 | 2 | |a Geodézie On Line (firma) |7 xx0008576 |4 ctg | |
| 910 | 2 | |a BOA001 |b Mpa-1363.638 | |
| 990 | |a MP | ||
| 995 | |a 01 | ||
English
Čeština 